000 01068nam a22003257a 4500
001 0040445
003 KOHA_MİRAKIL
005 20260207003201.0
007 ta
008 130717b2013 tu |||gr||||#||||0|tur |
020 _a9786054163120
040 _aTR-BiSEU
_btur
_cTR-BiSEU
_erda
041 0 _atur
044 _ctu
050 _aDS51.N4
_bO34 2013
100 1 _aÖger, Adem.
245 1 _aNevşehir Salnamesi 1914 /
_cAdem Öger ; Adem Öger, Oğuz Özdem.
246 _aKaramanlıca bir eser
264 1 _aAnkara :
_bNevşehir Üniversitesi Kapadokya Araştırma ve Uygulama Merkezi
_c2013
300 _a247 p. ;
_cresimli ;
_c24 cm.
336 _ametin
_btxt
_2rdacontent
337 _aaracısız
_bn
_2rdamedia
338 _acilt
_bnc
_2rdacarrier
490 1 _a Nevşehir Üniversitesi yayınları ;
_v3
500 _aEserin orijinali Karamanlıca'dır.
650 0 _aNevşehir(Turkey)--Yearbooks.
_974919
650 0 _aNevşehir(Türkiye)--Yıllık.
_974920
830 1 _a Nevşehir Üniversitesi yayınları ;
_v3
_974921
942 _2lcc
_cBK
999 _c40322
_d40322